| 000 | 00509nam a22001937a 4500 | ||
|---|---|---|---|
| 003 | CEME | ||
| 005 | 20210628210405.0 | ||
| 008 | 210201b xxu||||| |||| 00| 0 eng d | ||
| 020 | _a0-07-462237-4 | ||
| 040 | _c. | ||
| 082 | _a621.902 MEH | ||
| 100 |
_aMehta, N.K _979186 |
||
| 245 | _aMachine tool design and numerical control | ||
| 250 | _a2ND | ||
| 260 |
_aNEW DELHI _bTATA MCGRAW HILL _c2003 |
||
| 300 | _aXIII,504P | ||
| 650 |
_aMACHINE TOOL DESIGN AND NUMERICAL CONTROL _979187 |
||
| 942 |
_cBK _2ddc |
||
| 999 |
_c584247 _d584247 |
||